00381nam a22001337a 4500020001800000040000900018082001700027100002500044110002100069245004200090250001700132260004200149650005600191 a9789332542600 cNUST a621.3815 BOY aBoylestad, Robert L. aNashelsky, Louis aElectronic Devices and Circuit Theory a11th Edition aNew Delhi:bPearson Education,c2016. aDEE TEXTBOOK. ELECTRONIC DEVICES AND CIRCUIT THEORY